Los artistas bajo la carpa del circo : perplejos /
Edición formada por cuatro guiones fílmicos del cineasta Alexander Kluge: Los artistas bajo la carpa del circo: perplejos, exhibida en México como Artistas en el circo: perplejos-; La escéptica, Proyecto Z y Proverbios de Leni Peickert, proyectada en México como La indomable Leni Peickert.
Salvato in:
| Autore principale: | |
|---|---|
| Altri autori: | |
| Natura: | Libro |
| Lingua: | spagnolo |
| Pubblicazione: |
Madrid, España :
Alianza,
1972, c1972
|
| Serie: | (El Libro de Bolsillo ; Arte)
360. |
| Soggetti: | |
| Tags: |
Nessun Tag, puoi essere il primo ad aggiungerne!!
|
MARC
| LEADER | 00000nam^a2200000^a^4500 | ||
|---|---|---|---|
| 001 | 000033223 | ||
| 005 | 20260327095025.0 | ||
| 009 | 20260407170046.422 | ||
| 020 | |a 84-206-1360-6 | ||
| 037 | |a Acervo ITESO - Biblioteca | ||
| 041 | |a ESP | ||
| 082 | |a 302. 2350943 |b KLU | ||
| 100 | |a Kluge, Alexander |e (guión) | ||
| 240 | 1 | 1 | |a [Artistas en el circo: perplejos] |
| 240 | 1 | 4 | |a [La indomable Leni Peickert] |
| 245 | 1 | 4 | |a Los artistas bajo la carpa del circo : |b perplejos / |c Guión de A. Kluge ; tr. por B. Fernández. |
| 246 | 2 | |a Título en México: Los artistas en la cúpula del circo, perplejos | |
| 246 | 2 | |a Título en México: Artistas en el circo: perplejos | |
| 246 | 2 | |a Título alternativo en español: Artistas bajo la lona del circo: perplejos | |
| 246 | 2 | |a Título en México: La indomable Leni Peickert | |
| 264 | 4 | |a Madrid, España : |b Alianza, |c 1972, c1972 | |
| 300 | |a 163 p. | ||
| 336 | |a texto |b txt |2 rdacontenido | ||
| 337 | |a sin mediación |b n |2 rdamedio | ||
| 338 | |a volumen |b nc |2 rdasoporte | ||
| 440 | 3 | |a (El Libro de Bolsillo ; |v 360. |p Arte) | |
| 500 | |a Traducción de: Die Artisten in der Zirkuskuppel: Ratlos | ||
| 500 | |a Traducción de: Die Ungläubige | ||
| 500 | |a Traducción de: Projekt Z | ||
| 500 | |a Traducción de: Sprüche der Leni Peickert | ||
| 520 | |a Edición formada por cuatro guiones fílmicos del cineasta Alexander Kluge: Los artistas bajo la carpa del circo: perplejos, exhibida en México como Artistas en el circo: perplejos-; La escéptica, Proyecto Z y Proverbios de Leni Peickert, proyectada en México como La indomable Leni Peickert. | ||
| 545 | 0 | |a Alexander Kluge (Halberstadt, 1932 – Munich, 2026), cineasta y escritor, uno los precursores del Nuevo Cine Alemán, como firmante del Manifiesto de Oberhausen (1962), y muy seguramente su creador-pensador más influyente. Finalizó sus estudios de Derecho en la Universidad de Marburgo (1956), además de haberse formado también en Historia y Música Sacra, y fungió como asesor legal en el Instituto de Investigación Social, cuna de la Escuela de Frankfurt. Entabló amistad con Jürgen Habermas y trabajó como asistente de Theodor Adorno, dos de los máximos exponentes de la Escuela. Comenzó a indagar en la expresión fílmica a sugerencia de Adorno, quien le presentó al célebre director Fritz Lang, con el que participó como voluntario en La tumba india (1959). Publicó Lebensläufe (1962), que contiene el relato Anita G., base de su primer largometraje, Adiós al ayer, galardonado con el Premio Especial del Jurado en la Muestra Internacional de Cine de Venecia (1966) y el Premio 40 Aniversario de la República Federal de Alemania (1989). El León de Oro, a la mejor película, para Artistas en el circo: perplejos (1968) en la Muestra veneciana confirmó su posición ascendiente como uno de los creadores con mayor vocación experimental y rigor intelectual del Nuevo Cine Alemán. El telefilme La indomable Leni Peickert (1970), El gran lío (1971), Willi Tobler y la caída de la 6a. flota (1972), Ferdinand el duro (1976), su episodio de Alemania en otoño (1978), El poder de los sentimientos (1983, Premio de la Crítica Internacional en Venecia), y El asalto del presente sobre el resto del tiempo (1985) sobresalen en su filmografía. | |
| 545 | 0 | |a Dos veces galardonado con el Premio Honorario del Cine Alemán (1982 y 2008), la primera con los firmantes de Oberhausen, y León de Oro por su trayectoria (1982), consideraba que su obra principal eran sus libros, entre los que aparecen Lernprozesse mit tödlichem Ausgang [Procesos de aprendizaje con resultados fatales] (1973), Unheimlichkeit der Zeit: Neue Geschichten [La naturelaza inquietante del tiempo: nuevas historias] (1977), los dos volúmenes de Chronik der Gefühle [Crónica de las emociones] (2000), 120 historias del cine (2007), El hueco que deja el diablo: historias del nuevo siglo (2003), Tür an Tür mit einem anderen Leben: 350 neue Geschichten [Justo al lado de otra vida: 350 historias nuevas] (2006), Ataque aéreo a Halberstadt, el 8 de abril de 1945 (2008), la antología –editada en español- El contexto de un jardín: discursos sobre las artes, la esfera pública y la tarea de autor (2014) y Talandrando tablas duras: la política en 133 fragmentos (2011). Recibió, entre otros, los premios Heinrich Böll (1993) y Georg-Büchner (2003), por sus contribuciones a la literatura alemana. | |
| 649 | |a XX | ||
| 650 | |a Guiones Cinematográficos - |z Alemania - |x Tema Principal | ||
| 650 | |a Nuevo Cine Alemán | ||
| 650 | |a Cine Alemán - |y 1960-1969 | ||
| 650 | |a Cine Alemán - |y Siglo XX | ||
| 700 | |a Fernández, Bernardo |e (traducción) | ||
| 740 | 3 | |a La escéptica / |c Guión de A. Kluge. | |
| 740 | 0 | |a Proyecto Z / |c Guión de A. Kluge. | |
| 740 | 0 | |a Proverbios de Leni Peickert / |c Guión de A. Kluge. | |
| 910 | |a Fondo General | ||
| 920 | |a Impresos - Libros | ||
| 930 | |a Colección General | ||
| 905 | |a 101 | ||
| 901 | |a 0332230200 |b IT1 |c ACC |i 904468 |u 20250521 | ||
| 902 | |a https://opac.biblio.iteso.mx/vufind/Record/000033223 | ||